Tiny Flags - Statistics

General Stats
  • This quiz has been taken 349 times
  • The average score is 20 of 21
Answer Stats
Flag Country % Correct
Bhutan
98%
Georgia
97%
Panama
97%
South Africa
97%
Sri Lanka
97%
Switzerland
97%
Greece
96%
India
96%
Cuba
95%
Taiwan
95%
Mongolia
94%
Uganda
94%
Fiji
93%
Kosovo
93%
Saint Lucia
93%
Turkmenistan
92%
Jordan
91%
Central African Republic
88%
Suriname
88%
Togo
84%
Sierra Leone
80%
No matching quizzes found
Score Distribution
Percent of People with Each Score
Percentile by Number Answered
Your Score History
You have not taken this quiz